000 00734nam a22002417a 4500
999 _c108915
_d108915
005 20200214123820.0
010 _a076165
020 _c00.00
035 _a076165
037 _bCen Lib/Ret
082 _a270
100 _aقدسی، اسد الرحمان
245 _aصراط مستقیم /
_cاسد الرحمان قدسی
246 _aSiraat-E-Mustaqeem /
_bby Asad-Ur-Rahman Qudsi
260 _aدہلی
_bمطبوعہ لطیفی برقی پرسش
_c1983 ء
270 _bدہلی
300 _a100p.
_c20cm(Hb)
650 _aمذہب اسلام
650 _a اسلامی الہیات
650 _aReligion -- Islam
650 _aIslamic theology
942 _2ddc
_cUR
_h270
_mق د س